Risultati della Roma in UEFA Champions League 2015-2016 - Statistics

Statistiche generali
  • Questo quiz è stato fatto 6 volte
  • Il punteggio medio è 5 su 8
Statistiche sulle risposte
Hint Risposta % Corretto
Real Madrid - Roma 2-0
100%
Roma - Barcellona 1-1
80%
Roma - Real Madrid 0-2
60%
Roma - Bayer Leverkusen 3-2
60%
Barcellona - Roma 6-1
60%
Roma - BATĖ Borisov 0-0
40%
BATĖ Borisov - Roma 3-2
40%
Bayer Leverkusen - Roma 4-4
40%
Nessun quiz corrispondente trovato
Distribuzione punteggi
Percentuale di utenti per punteggio
Percentile per numero di risposta
I tuoi punteggi nel tempo
Non hai fatto questo quiz